000 00473nam a2200181Ia 4500
001 23216
005 20260414150922.0
008 260414t2012||||xx |||||||||||||| ||spa||
041 _aESP
082 _a627
_bI23 T. 2
100 _aIbañez, Walter
_eAUT
245 0 _aManual de costos y presupuestos de obras hidráulicas y de saneamiento T. II
_b
260 _c2012
300 _a1397 páginas :
_c25 cm.
650 _a0
654 _aCIC
942 _cLIB
_dJUS
_fJUS
_2ddc
_n
999 _c23216
_d23216